Texas Football: Top 10 All-Time Leaders - Statistics

General Stats
  • This quiz has been taken 27 times
  • The average score is 15 of 62
Answer Stats
Category # Player Amount % Correct
Passing Yards 1 Colt McCoy 13,253
92%
Passing Yards 3 Quinn Ewers 9,128
88%
Passing Yards 8 Vince Young 6,040
84%
Rushing Yards 7 Vince Young 3,127
84%
Rushing Yards 4 Bijan Robinson 3,410
76%
Rushing Yards 1 Ricky Williams 6,279
72%
Receiving Yards 1 Roy Williams 3,866
56%
Passing Yards 2 Sam Ehlinger 11,436
56%
Receiving Yards 6 Collin Johnson 2,624
48%
Receiving Yards 4 Xavier Worthy 2,755
48%
Rushing Yards 3 Fred Campbell 4,443
44%
Sacks 2 Tim Campbell 39.5
44%
Receiving Yards 2 Jordan Shipley 3,191
40%
Passing Yards 4 Major Applewhite 8,353
40%
Receiving Yards 10 B.J. Johnson 2,389
36%
Tackles 3 Derrick Johnson 458
36%
Interceptions T5 Johnnie Johnson 13
36%
Receiving Yards 8 Jaxon Shipley 2,510
32%
Rushing Yards 2 Cedric Benson 5,540
28%
Rushing Yards 9 A.J. Jones 2,874
24%
Receiving Yards 9 Devin Duvernay 2,468
24%
Rushing Yards 5 Jamaal Charles 3,328
24%
Sacks 9 Aaron Humphrey 24.5
20%
Passing Yards 7 Chris Simms 7,097
20%
Receiving Yards 5 Mike Davis 2,753
20%
Rushing Yards 10 D'Onta Foreman 2,782
16%
Passing Yards 5 James Brown 7,628
16%
Sacks T4 Kenneth Sims 29.0
16%
Interceptions T10 Quandre Diggs 11
16%
Passing Yards 10 David Ash 4,728
12%
Sacks 7 Jackson Jeffcoat 27.5
12%
Interceptions 3 Jerry Gray 16
12%
Passing Yards 6 Peter Gardere 7,396
12%
Tackles 7 Steve McMichael 369
12%
Sacks 6 Steve McMichael 28.5
12%
Tackles 1 Britt Hager 499
8%
Tackles 5 Chris Carter 401
8%
Interceptions T5 Chris Carter 13
8%
Rushing Yards 6 Chris Gilbert 3,231
8%
Interceptions T5 Dylan Haines 13
8%
Tackles 8 Michael Griffin 364
8%
Receiving Yards 3 Mike Adams 3,032
8%
Interceptions T10 Mossy Cade 11
8%
Interceptions T1 Nathan Vasher 17
8%
Receiving Yards 7 Quan Cosby 2,598
8%
Sacks 10 Tony Brackens 24.0
8%
Tackles 4 Anthony Curl 403
4%
Sacks T4 Bill Acker 29.0
4%
Interceptions T5 Bobby Dillon 13
4%
Passing Yards 9 Bret Stafford 4,731
4%
Tackles 9 Bruce Scholtz 351
4%
Interceptions 4 Derrick Hatchett 15
4%
Tackles 2 Doug Shankle 478
4%
Tackles 6 Dusty Renfro 370
4%
Sacks 1 Kiki DeAyala 40.5
4%
Interceptions T1 Noble Doss 17
4%
Rushing Yards 8 Roosevelt Leaks 2,923
4%
Interceptions T5 Stanley Richard 13
4%
Sacks 3 Tony Degrate 31.0
4%
Sacks 8 Ty Allert 27.0
4%
Tackles 10 Tyson King 346
4%
Interceptions T10 William Graham 11
4%
No matching quizzes found
Score Distribution
Percent of People with Each Score
Percentile by Number Answered
Your Score History
You have not taken this quiz